000 02363cam a2200169 4500500
005 20260111121248.0
041 _afre
042 _adc
100 1 0 _aBiard, Michel
_eauthor
245 0 0 _aPierre-Louis-Nicolas Delahaye. Le Journal d’un maître d’école d’Île-de-France, 2e période 1792-1803, Silly-en-Multien, de la Convention au Consulat. présenté et annoté par Jacques Bernet, préface de Côme Simien, Villeneuve d’Ascq, Presses Universitaires du Septentrion, 2025, 386 p., ISBN 978-2-7574-4365-1, 26 €.
260 _c2025.
500 _a65
520 _aLe présent article se propose d’étudier une correspondance inédite de Talleyrand, récemment découverte aux Archives nationales. Rédigées en 1786-1787, ces lettres évoquent une mission menée pour le compte de Calonne à Londres par le duc de Lauzun, parti observer les réactions de l’opinion anglaise au moment de l’entrée en vigueur de l’accord commercial franco-britannique de 1786. Les échanges évoquent également l’Affaire du collier, mais aussi le rôle de Talleyrand auprès de Calonne au moment de l’Assemblée des Notables. Par la variété des sujets abordés, cette correspondance constitue un intéressant exemple de diplomatie parallèle à la fin de l’Ancien Régime, tout en révélant un nouvel épisode de l’apprentissage politique de Talleyrand.
520 _aThis article examines unpublished correspondence of Talleyrand recently discovered in the National Archives. Written between 1786-1787, these letters cover a mission undertaken on behalf of Calonne in London by the Duke of Lauzun sent to observe the reactions in English public opinion at the time of the Franco-British commercial agreement. This correspondence also deals with the Diamond Necklace Affair, and Talleyrand’s role with Calonne during the Assembly of Notables. By the sheer variety of subjects contained in this correspondence, it constitutes a fascinating instance of parallel diplomacy at the end of the Old Regime, all the while revealing a new episode in the political apprenticeship of Talleyrand.
786 0 _nAnnales historiques de la Révolution française | 422 | 4 | 2025-12-09 | p. 277-280 | 0003-4436
856 4 1 _uhttps://shs.cairn.info/revue-annales-historiques-de-la-revolution-francaise-2025-4-page-277?lang=fr&redirect-ssocas=7080
999 _c1634292
_d1634292